000
00220nam a22000857a 4500
008
170220b xxu||||| |||| 00| 0 eng d
100
_9
2910
_a
Sirohi.M.S.etal.
245
_a
Grow with Numbers-5
260
_a
New Delhi
_b
Amity
_c
2009
999
_c
6145
_d
6145